[Event "IX MIEDZYNARODOWY TURNIEJ SZACHOWY - GORA SW. ANNY 2016 - Open A"]
[Site "Gora Sw. Anny"]
[Date "1899-12-30"]
[Round "2.14"]
[White "Kalinowska, Zuzanna"]
[Black "Kowalski, Igor"]
[Result "1/2-1/2"]
[WhiteTitle "k"]
[BlackTitle "k"]
[WhiteElo "1854"]
[BlackElo "2121"]

1. d4 Nf6 2. Nf3 e6 3. e3 c5 4. Bd3 d5 5. b3 cxd4 6. exd4 Nc6 7. Bb2 Bd6 8. O-O
Ne4 9. Qe2 f5 10. Ne5 O-O 11. f3 Nxe5 12. dxe5 Bc5+ 13. Kh1 Ng5 14. Nd2 b6 15.
Rfd1 Bb7 16. f4 Nf7 17. Nf3 Nh6 18. Bd4 Rc8 19. Ba6 Bxa6 20. Qxa6 Bxd4 21. Nxd4
Ng4 22. Qe2 Qh4 23. g3 Qe7 24. h3 Nh6 25. a4 Rc3 26. Kh2 Rfc8 27. a5 g5 28. Qf2
Nf7 29. axb6 axb6 30. Rd2 Qd7 31. Qe2 Kg7 32. Nb5 R3c5 33. c4 Rxb5 34. cxb5 Rc3
35. Ra6 d4 36. Rxb6 d3 37. Qg2 Qd4 38. Rxe6 Rxb3 39. b6 Qe4 40. Rc6 Nd8 41. Rc7+
Kg6 42. Rd7 Ne6 43. b7 Nc5 44. Rd6+ Kf7 45. Rb2 Qxg2+ 46. Rxg2 Nxb7 47. Rc6 Nd8
48. Rd6 Nb7 1/2-1/2

[Event "IX MIEDZYNARODOWY TURNIEJ SZACHOWY - GORA SW. ANNY 2016 - Open A"]
[Site "Gora Sw. Anny"]
[Date "1899-12-30"]
[Round "2.15"]
[White "Janocha, Jan"]
[Black "Domanski, Lukasz"]
[Result "1/2-1/2"]
[WhiteTitle "I"]
[BlackTitle "I++"]
[WhiteElo "1744"]
[BlackElo "1975"]

1. e4 c5 2. Nc3 a6 3. f4 b5 4. Nf3 Bb7 5. d3 e6 6. Be3 d5 7. exd5 exd5 8. d4 Nd7
9. Be2 Ngf6 10. O-O Bd6 11. Ne5 Qe7 12. Bf3 O-O 13. Qd2 b4 14. Ne2 cxd4 15. Bxd4
Ne4 16. Bxe4 dxe4 17. Nxd7 Qxd7 18. Qe3 Rac8 19. c3 a5 20. Rad1 Rfd8 21. f5 Ba6
22. Rde1 bxc3 23. bxc3 f6 24. Rf2 Bxe2 25. Qxe2 Re8 26. g4 Bc5 27. Qc4+ Qf7 28.
Qa4 e3 29. Rfe2 Re4 30. h3 Rce8 31. Qxa5 Bxd4 32. cxd4 h5 33. Rg2 Rxd4 34. Qb6
Qc4 35. gxh5 e2 36. Qxf6 Rd7 37. Qg6 Rde7 38. h6 Qc3 39. Qg3 Qxg3 40. Rxg3 Kh7
41. hxg7 Rxg7 42. Rxg7+ Kxg7 43. Kf2 Rh8 44. Rxe2 Rxh3 45. Ke1 Ra3 46. Rf2 Kf6
47. Kd1 Ra5 48. Kc1 Rxf5 49. Rxf5+ Kxf5 50. Kd2 Ke5 51. Kc3 Kd5 52. Kb4 Kc6 53.
Ka5 Kb7 1/2-1/2

[Event "IX MIEDZYNARODOWY TURNIEJ SZACHOWY - GORA SW. ANNY 2016 - Open A"]
[Site "Gora Sw. Anny"]
[Date "1899-12-30"]
[Round "3.1"]
[White "Kantans, Toms"]
[Black "Kovalev, Vladislav"]
[Result "1/2-1/2"]
[WhiteTitle "IM"]
[BlackTitle "GM"]
[WhiteElo "2513"]
[BlackElo "2558"]

1. e4 e5 2. Nf3 Nc6 3. Bb5 a6 4. Ba4 Nf6 5. O-O Be7 6. Re1 b5 7. Bb3 O-O 8. c3
d5 9. exd5 Nxd5 10. Nxe5 Nxe5 11. Rxe5 c6 12. d3 Bd6 13. Re1 Bf5 14. Qf3 Qh4 15.
g3 Qh3 16. Be3 Bg4 17. Qg2 Qh5 18. Nd2 Rae8 19. a4 b4 20. Bd4 bxc3 21. bxc3 Bh3
22. Qf3 Bg4 23. Qg2 Bh3 24. Qf3 Bg4 25. Qg2 Bh3 26. Qf3 1/2-1/2

[Event "IX MIEDZYNARODOWY TURNIEJ SZACHOWY - GORA SW. ANNY 2016 - Open A"]
[Site "Gora Sw. Anny"]
[Date "1899-12-30"]
[Round "3.2"]
[White "Kovchan, Alexander"]
[Black "Hnydiuk, Aleksander"]
[Result "1-0"]
[WhiteTitle "GM"]
[BlackTitle "IM"]
[WhiteElo "2596"]
[BlackElo "2341"]

1. e4 e5 2. Nf3 Nc6 3. Nc3 Nf6 4. d4 Bb4 5. Nxe5 Bxc3+ 6. bxc3 Qe7 7. Bd3 Nxe5
8. dxe5 Qxe5 9. O-O d6 10. Qe1 O-O 11. f4 Qe6 12. e5 Re8 13. Qh4 dxe5 14. fxe5
Qg4 15. Qe1 Nd5 16. Bd2 Be6 17. Rb1 b6 18. Rf3 Qh5 19. Rg3 f5 20. exf6 Nxf6 21.
Rg5 Qf7 22. Qh4 Kh8 23. Rf1 Qe7 24. Re5 Qd7 25. Rxf6 gxf6 26. Qxf6+ Qg7 27. Rxe6
Qxf6 28. Rxf6 c5 29. Rf7 1-0

[Event "IX MIEDZYNARODOWY TURNIEJ SZACHOWY - GORA SW. ANNY 2016 - Open A"]
[Site "Gora Sw. Anny"]
[Date "1899-12-30"]
[Round "3.3"]
[White "Stupak, Kirill"]
[Black "Kowalczyk, Pawel"]
[Result "1-0"]
[WhiteTitle "GM"]
[BlackTitle "I++"]
[WhiteElo "2537"]
[BlackElo "2371"]

1. d4 Nf6 2. c4 c5 3. d5 e6 4. Nc3 exd5 5. cxd5 d6 6. Nf3 g6 7. g3 Bg7 8. Bg2 O-O
9. O-O Re8 10. Bf4 Ne4 11. Nxe4 Rxe4 12. Nd2 Rb4 13. a3 Rxf4 14. gxf4 Bxb2 15.
Rb1 Bxa3 16. Ne4 Qe7 17. Rb3 Bb4 18. Re3 Bf5 19. Ng3 Qd7 20. Nxf5 Qxf5 21. Re8+
Kg7 22. Qa1+ f6 23. Qa4 a6 24. Re7+ Kh6 25. Rxb7 Qc8 26. Rf7 Qg8 27. Rxf6 Ra7
28. Rxd6 Qf8 29. Rb6 Qxf4 30. d6 Nd7 31. Rxa6 Ne5 32. h3 Rf7 33. Qb3 Kg7 34. Qd5
Be1 35. Qxc5 Bb4 36. Qb6 Nd7 37. Qe3 Qxe3 38. fxe3 Bc5 39. Rxf7+ Kxf7 40. h4 Nb8
41. Ra8 Bxd6 42. Ra7+ Be7 43. Bd5+ Ke8 44. Bc4 Kd8 45. Bb5 Bxh4 46. Rxh7 Be7 47.
Kg2 Nd7 48. Bxd7 Kxd7 49. Rh6 Bg5 50. Rxg6 Bxe3 51. Kf3 Bc1 52. Ke4 Bb2 53. Kd5
Ke7 54. e4 Bc3 55. e5 Bd2 56. Rg7+ Kf8 57. Rb7 Bf4 58. Ke6 Bg3 59. Rf7+ Kg8 60.
Rf3 Bh2 61. Rf2 1-0

[Event "IX MIEDZYNARODOWY TURNIEJ SZACHOWY - GORA SW. ANNY 2016 - Open A"]
[Site "Gora Sw. Anny"]
[Date "1899-12-30"]
[Round "3.4"]
[White "Kislinsky, Alexey"]
[Black "Wisniewski, Michal"]
[Result "1-0"]
[WhiteTitle "GM"]
[BlackTitle "k+"]
[WhiteElo "2475"]
[BlackElo "2290"]

1. e4 c5 2. Nc3 d6 3. f4 g6 4. Nf3 Bg7 5. Bb5+ Nd7 6. O-O a6 7. Be2 b5 8. Qe1 e6
9. d3 Ne7 10. Kh1 Bb7 11. Bd2 O-O 12. Qh4 Nc6 13. Qh3 Nd4 14. Nxd4 cxd4 15. Nd1
f5 16. Bf3 Qb6 17. Nf2 Rac8 18. Rac1 b4 19. Rfe1 Rf7 20. Qg3 Nf6 21. a3 a5 22.
axb4 axb4 23. b3 Rfc7 24. Bd1 d5 25. exf5 exf5 26. Nh3 Ne4 27. dxe4 dxe4 28. Be2
Bd5 29. Bc4 Bxc4 30. bxc4 e3 31. Bxe3 dxe3 32. Rxe3 Rxc4 33. Rce1 Rc3 34. Re8+
Rxe8 35. Rxe8+ Bf8 36. Qe1 Qf6 37. Ng5 Rc7 38. Qe6+ Qxe6 39. Rxf8+ Kxf8 40. Nxe6+
Ke7 41. Nxc7 Kd6 42. Na6 1-0

[Event "IX MIEDZYNARODOWY TURNIEJ SZACHOWY - GORA SW. ANNY 2016 - Open A"]
[Site "Gora Sw. Anny"]
[Date "1899-12-30"]
[Round "3.5"]
[White "Licznerski, Lukasz"]
[Black "Gajek, Radoslaw"]
[Result "0-1"]
[WhiteTitle "FM"]
[BlackTitle "IM"]
[WhiteElo "2308"]
[BlackElo "2432"]

1. e4 c5 2. Nf3 d6 3. d4 cxd4 4. Nxd4 Nf6 5. Nc3 a6 6. f4 e5 7. Nf3 Nbd7 8. a4
Be7 9. Bd3 O-O 10. Qe2 b6 11. O-O Bb7 12. Kh1 Re8 13. fxe5 Nxe5 14. Nxe5 dxe5
15. Bg5 Nd7 16. Be3 Bc5 17. Bc4 Rf8 18. Bxc5 bxc5 19. Rad1 Qe7 20. Nd5 Bxd5 21.
Bxd5 Ra7 22. Bc4 a5 23. Bb3 Nf6 24. Qc4 Rb7 25. Qa6 Rb4 26. Qxa5 Rxe4 27. Rde1
Rxe1 28. Qxe1 e4 29. Qe3 Qe5 30. h3 Rc8 31. c3 c4 32. Bc2 Rb8 33. Re1 g6 34. Rb1
Re8 35. Re1 Nh5 36. g4 Nf6 37. Qd4 Qg3 38. Qe3 Qh4 39. Kg2 Nd5 40. Qg3 Nf4+ 41.
Kh2 Qxg3+ 42. Kxg3 Nd3 43. Bxd3 cxd3 44. Kf2 f5 45. gxf5 gxf5 46. Ke3 Kf7 47.
a5 Kf6 48. a6 f4+ 49. Kd2 Kf5 50. Ra1 Rd8 51. Ra5+ Kf6 52. a7 e3+ 53. Kd1 d2 54.
Ke1 0-1

[Event "IX MIEDZYNARODOWY TURNIEJ SZACHOWY - GORA SW. ANNY 2016 - Open A"]
[Site "Gora Sw. Anny"]
[Date "1899-12-30"]
[Round "3.6"]
[White "Kocheev, Aleksandr"]
[Black "Zylka, Stanislaw"]
[Result "1/2-1/2"]
[WhiteTitle "m"]
[BlackTitle "k"]
[WhiteElo "2360"]
[BlackElo "2080"]

1. e4 e5 2. Nf3 Nc6 3. c3 Nf6 4. d4 d5 5. Nxe5 Nxe5 6. dxe5 Nxe4 7. Bd3 Bc5 8.
Bxe4 Qh4 9. O-O dxe4 10. b4 Bb6 11. Qe2 O-O 12. Nd2 Bf5 13. Nc4 Rfd8 14. a4 Bg4
15. Qc2 Bd1 16. Bg5 Qxg5 17. Raxd1 Rxd1 18. Rxd1 e3 19. fxe3 Bxe3+ 20. Kh1 Bf4
21. Qe2 Qh4 22. h3 Qg3 23. Kg1 Qxc3 24. e6 fxe6 25. Qxe6+ Kh8 26. Qf7 Qf6 27.
Qxf6 gxf6 28. Kf2 Rg8 29. Kf3 Bh2 30. g4 h5 31. Rd5 hxg4+ 32. hxg4 Rg5 33. Rd2
Be5 34. Rd8+ Kh7 35. Nxe5 fxe5 36. Rb8 b6 37. Rb7 Rg7 38. Rxa7 Kg6 39. a5 bxa5
40. bxa5 Kf6 41. a6 Rd7 42. g5+ Kxg5 43. Ra8 c5 44. a7 Rg7 45. Ke3 c4 46. Ke4
Kg6 1/2-1/2

[Event "IX MIEDZYNARODOWY TURNIEJ SZACHOWY - GORA SW. ANNY 2016 - Open A"]
[Site "Gora Sw. Anny"]
[Date "1899-12-30"]
[Round "3.7"]
[White "Dobrowolski, Piotr"]
[Black "Lizak, Jakub"]
[Result "1-0"]
[WhiteTitle "IM"]
[BlackTitle "k"]
[WhiteElo "2430"]
[BlackElo "2247"]

1. e4 e5 2. Nf3 Nc6 3. Bb5 a6 4. Ba4 Nf6 5. O-O b5 6. Bb3 Bc5 7. a4 Rb8 8. axb5
axb5 9. Nxe5 Nxe5 10. d4 Bxd4 11. Qxd4 d6 12. f4 Nc6 13. Qc3 Ne7 14. Nd2 O-O 15.
e5 Nfd5 16. Qf3 Bb7 17. Ne4 Nf5 18. Ng5 h6 19. Bxd5 Bxd5 20. Qxd5 hxg5 21. e6
Qf6 22. fxg5 Qd4+ 23. Qxd4 Nxd4 24. exf7+ Rxf7 25. Bd2 Rxf1+ 26. Rxf1 Re8 27.
c3 Nb3 28. Re1 Ra8 29. Bf4 Nc5 30. h4 Ra4 31. Bg3 Rg4 32. Re3 Kf7 33. Kh2 b4 34.
Kh3 Rc4 35. h5 bxc3 36. g6+ Kf6 37. Bh4+ Rxh4+ 38. Kxh4 cxb2 39. Rf3+ Ke5 40.
Rf1 Ne6 41. Rb1 c5 42. Rxb2 c4 43. Re2+ Kf6 44. g4 Nf4 45. Re4 1-0

[Event "IX MIEDZYNARODOWY TURNIEJ SZACHOWY - GORA SW. ANNY 2016 - Open A"]
[Site "Gora Sw. Anny"]
[Date "1899-12-30"]
[Round "3.8"]
[White "Grela, Kacper"]
[Black "Kanicki, Krzysztof"]
[Result "1-0"]
[WhiteTitle "FM"]
[BlackTitle "k"]
[WhiteElo "2283"]
[BlackElo "2178"]

1. e4 c5 2. Nf3 Nc6 3. d4 cxd4 4. Nxd4 Nf6 5. Nc3 d6 6. Bg5 e6 7. Qd2 a6 8. O-O-O
Bd7 9. f4 h6 10. Bh4 g5 11. fxg5 Ng4 12. Nxc6 Bxc6 13. Be2 Ne5 14. g3 Ng6 15.
Kb1 Qa5 16. Rhf1 hxg5 17. Bxg5 Rxh2 18. Bf6 Qc7 19. Qe3 Be7 20. Bd4 b5 21. Rh1
Rxh1 22. Rxh1 b4 23. Nd1 e5 24. Bb6 Qb7 25. Nf2 Rb8 26. Ba5 d5 27. exd5 Bxd5 28.
Rd1 Qc6 29. Ng4 Bxa2+ 30. Kxa2 Qxc2 31. Nxe5 Qa4+ 32. Kb1 Rc8 33. Nc4 Rxc4 34.
Rd8# 1-0

[Event "IX MIEDZYNARODOWY TURNIEJ SZACHOWY - GORA SW. ANNY 2016 - Open A"]
[Site "Gora Sw. Anny"]
[Date "1899-12-30"]
[Round "3.9"]
[White "Kosakowski, Jakub"]
[Black "Teclaf, Pawel"]
[Result "1-0"]
[WhiteTitle "k"]
[BlackTitle "CM"]
[WhiteElo "2253"]
[BlackElo "2170"]

1. e4 e6 2. d4 d5 3. Nc3 Nf6 4. e5 Nfd7 5. f4 c5 6. Nf3 Nc6 7. Be3 Be7 8. Qd2 O-O
9. dxc5 Bxc5 10. Bxc5 Nxc5 11. O-O-O a6 12. Qf2 Qa5 13. Kb1 f6 14. Qe3 Bd7 15.
exf6 Rxf6 16. g3 Be8 17. Bh3 Bg6 18. Rhe1 Re8 19. Ne5 Nxe5 20. Qxe5 Na4 21. Ne4
Bxe4 22. Rxe4 Qb5 23. Re3 Nb6 24. Rb3 Qc6 25. Rc3 Nc4 26. Qd4 b5 27. Re1 Ref8
28. Bg2 Qd6 29. b3 Na3+ 30. Kb2 b4 31. Rc5 Rb8 32. Bf1 Rff8 33. Bd3 Rb6 34. f5
exf5 35. Rxd5 Qh6 36. Re7 Nb5 37. Bxb5 axb5 38. Rdd7 Rbf6 39. Qf4 Qg6 40. Qc7
R6f7 41. Rxf7 Rxf7 42. Rxf7 Qxf7 43. Qc8+ Qf8 44. Qxf8+ Kxf8 45. c3 bxc3+ 46.
Kxc3 Ke7 47. Kd4 Kd6 48. a4 bxa4 49. bxa4 g5 50. h4 h6 51. h5 Ke6 52. a5 Kd6 53.
a6 Kc6 54. Ke5 f4 55. gxf4 g4 56. Ke4 1-0

[Event "IX MIEDZYNARODOWY TURNIEJ SZACHOWY - GORA SW. ANNY 2016 - Open A"]
[Site "Gora Sw. Anny"]
[Date "1899-12-30"]
[Round "3.10"]
[White "Domanski, Lukasz"]
[Black "Piotrowski, Przemyslaw"]
[Result "0-1"]
[WhiteTitle "I++"]
[BlackTitle "k"]
[WhiteElo "1975"]
[BlackElo "2205"]

1. e4 c6 2. c4 g6 3. d4 Bg7 4. Nf3 d6 5. h3 Nf6 6. Nc3 O-O 7. Be2 e5 8. Be3 Nbd7
9. O-O Re8 10. d5 Qc7 11. b4 b6 12. Qd2 Bb7 13. Rfd1 c5 14. bxc5 Nxc5 15. Qc2
Rec8 16. a4 Ba6 17. Nd2 Nb7 18. Na2 Na5 19. Nb4 Bb7 20. Rdb1 Nd7 21. Bg4 Rab8
22. Rc1 h5 23. Bxd7 Qxd7 24. Qd3 f5 25. f3 Rc7 26. Nb3 Rbc8 27. Nxa5 bxa5 28.
Nc6 Bxc6 29. dxc6 Qxc6 30. Qd5+ Kh8 31. Qe6 f4 32. Bf2 Kh7 33. Rd1 Bf8 34. Qd5
Qxc4 35. Qxc4 Rxc4 36. Bxa7 Rc2 37. Bb6 Rb2 38. Rdb1 Re2 39. Re1 Rxe1+ 40. Rxe1
Rb8 41. Rb1 d5 42. Kf1 Bc5 43. Bxc5 Rxb1+ 44. Ke2 dxe4 45. fxe4 Ra1 0-1

[Event "IX MIEDZYNARODOWY TURNIEJ SZACHOWY - GORA SW. ANNY 2016 - Open A"]
[Site "Gora Sw. Anny"]
[Date "1899-12-30"]
[Round "3.11"]
[White "Kowalski, Igor"]
[Black "Praczukowski, Stanislaw"]
[Result "1/2-1/2"]
[WhiteTitle "k"]
[BlackTitle "I++"]
[WhiteElo "2121"]
[BlackElo "2003"]

1. d4 Nf6 2. c4 g6 3. Nc3 d5 4. cxd5 Nxd5 5. e4 Nxc3 6. bxc3 Bg7 7. Bc4 c5 8. Ne2
Nc6 9. Be3 O-O 10. O-O Bg4 11. f3 Bd7 12. Rb1 Qc7 13. Bd3 Rad8 14. Qd2 Bc8 15.
Rfc1 b6 16. Bh6 Bxh6 17. Qxh6 cxd4 18. cxd4 Qd6 19. e5 Nxe5 20. Be4 Nd7 21. Rc6
Qa3 22. Bxg6 fxg6 23. Rxg6+ hxg6 24. Qxg6+ Kh8 25. Qh6+ Kg8 26. Qg6+ Kh8 27. Qh6+
Kg8 28. Qg6+ Kh8 29. Qh6+ Kg8 1/2-1/2

[Event "IX MIEDZYNARODOWY TURNIEJ SZACHOWY - GORA SW. ANNY 2016 - Open A"]
[Site "Gora Sw. Anny"]
[Date "1899-12-30"]
[Round "3.12"]
[White "Czopor, Maciej"]
[Black "Kokoszczynski, Jan"]
[Result "1-0"]
[WhiteTitle "I+"]
[BlackTitle "k"]
[WhiteElo "1906"]
[BlackElo "2121"]

1. e4 c5 2. Nf3 d6 3. d4 cxd4 4. Nxd4 Nf6 5. Nc3 a6 6. Be2 e5 7. Nb3 Be7 8. a4
Be6 9. O-O Nbd7 10. Be3 O-O 11. f4 Rc8 12. Qe1 exf4 13. Rxf4 Ne5 14. Rd1 Qc7 15.
Nd4 Ng6 16. Rf1 Qb6 17. Nf5 Qc7 18. Bd4 Bxf5 19. Rxf5 Qc6 20. Bf3 Qc4 21. h4 Ne5
22. h5 Qe6 23. Qg3 Nfd7 24. Be2 Kh8 25. b3 Rg8 26. Nd5 Bd8 27. c4 b6 28. Rdf1
f6 29. Nf4 Qe8 30. Qh3 Bc7 31. Bxe5 dxe5 32. Ng6+ 1-0

[Event "IX MIEDZYNARODOWY TURNIEJ SZACHOWY - GORA SW. ANNY 2016 - Open A"]
[Site "Gora Sw. Anny"]
[Date "1899-12-30"]
[Round "3.13"]
[White "Smieszek, Wojciech"]
[Black "Kalinowska, Zuzanna"]
[Result "1-0"]
[WhiteTitle "k"]
[BlackTitle "k"]
[WhiteElo "2109"]
[BlackElo "1854"]

1. e4 c5 2. Nf3 e6 3. d4 cxd4 4. Nxd4 a6 5. Bd3 Nf6 6. O-O d6 7. Nc3 Be7 8. Be3
b5 9. f4 b4 10. Na4 O-O 11. c4 e5 12. Nc2 Nc6 13. f5 Rb8 14. b3 Bd7 15. Nb2 a5
16. g4 Ne8 17. Qd2 h6 18. Kg2 Bg5 19. h4 Bxh4 20. Rh1 Bg5 21. Rh5 f6 22. c5 d5
23. exd5 Nd4 24. Nxd4 exd4 25. Bf4 Bb5 26. d6 Qc8 27. Bxb5 Rxb5 28. Na4 Qc6+ 29.
Kg3 Qe4 30. Rhh1 d3 31. Rhe1 Qd4 32. Qe3 Bxf4+ 33. Qxf4 Qd5 34. Qe4 Qxe4 35. Rxe4
Nxd6 36. cxd6 Rd5 37. Re6 d2 38. Rd1 Rc8 39. Re2 1-0

[Event "IX MIEDZYNARODOWY TURNIEJ SZACHOWY - GORA SW. ANNY 2016 - Open A"]
[Site "Gora Sw. Anny"]
[Date "1899-12-30"]
[Round "3.14"]
[White "Smal, Tobiasz"]
[Black "Janocha, Jan"]
[Result "1-0"]
[WhiteTitle "k"]
[BlackTitle "I"]
[WhiteElo "2006"]
[BlackElo "1744"]

1. Nf3 d5 2. g3 Nf6 3. Bg2 e6 4. O-O Be7 5. c4 c6 6. b3 O-O 7. Bb2 Nbd7 8. d3 Re8
9. Nbd2 Bf8 10. e4 h6 11. e5 Nh7 12. Qe2 Be7 13. Bh3 Ndf8 14. Rad1 Ng5 15. Nxg5
hxg5 16. f4 gxf4 17. gxf4 g6 18. Nf3 Nh7 19. Kh1 Bf8 20. Rg1 Bg7 21. Ba3 b6 22.
Bd6 c5 23. cxd5 exd5 24. Qg2 Bxh3 25. Qxh3 Qc8 26. f5 d4 27. Rg2 a5 28. Rdg1 Ra7
29. Qg4 Kh8 30. Qh4 Kg8 31. fxg6 fxg6 32. Rxg6 Qf5 33. Qg4 Qxg4 34. R1xg4 Nf8
35. Bxf8 Rxf8 36. Ng5 Re8 37. Ne6 Ree7 38. Kg2 Kh7 39. Rxg7+ Rxg7 40. Rxg7+ Rxg7+
41. Nxg7 Kxg7 42. Kf3 1-0

[Event "IX MIEDZYNARODOWY TURNIEJ SZACHOWY - GORA SW. ANNY 2016 - Open A"]
[Site "Gora Sw. Anny"]
[Date "1899-12-30"]
[Round "3.15"]
[White "Korpalski, Maciej"]
[Black "Chmiel, Piotr"]
[Result "1-0"]
[WhiteTitle "I"]
[BlackTitle "I+"]
[WhiteElo "1901"]
[BlackElo "1914"]

1. e4 e5 2. Nf3 Nc6 3. Bb5 a6 4. Ba4 Nf6 5. O-O Be7 6. Re1 b5 7. Bb3 O-O 8. c3
d6 9. h3 Na5 10. Bc2 c5 11. d4 Qc7 12. Nbd2 Bb7 13. d5 Bc8 14. Nf1 Ne8 15. Ng3
g6 16. a4 bxa4 17. Rxa4 Bd7 18. Ra2 c4 19. Nh2 Ng7 20. Ng4 Bxg4 21. Qxg4 Nb3 22.
Bh6 Nc5 23. Qe2 Nd7 24. Rea1 a5 25. Ba4 Nb6 26. Bc6 Ra7 27. Rxa5 Rxa5 28. Rxa5
Bh4 29. Nf1 f5 30. g3 Bd8 31. exf5 gxf5 32. Ra6 f4 33. Qg4 Rf6 34. Rxb6 fxg3 35.
Rb7 gxf2+ 36. Kh1 Qxb7 37. Bxb7 1-0

[Event "IX MIEDZYNARODOWY TURNIEJ SZACHOWY - GORA SW. ANNY 2016 - Open A"]
[Site "Gora Sw. Anny"]
[Date "1899-12-30"]
[Round "4.1"]
[White "Kovchan, Alexander"]
[Black "Kantans, Toms"]
[Result "1-0"]
[WhiteTitle "GM"]
[BlackTitle "IM"]
[WhiteElo "2596"]
[BlackElo "2513"]

1. e4 c5 2. Nf3 Nc6 3. d4 cxd4 4. Nxd4 Nf6 5. Nc3 d6 6. f3 g6 7. Be3 Bg7 8. Qd2
O-O 9. O-O-O d5 10. exd5 Nxd5 11. Nxc6 bxc6 12. Bd4 e5 13. Bc5 Be6 14. Ne4 Re8
15. h4 h6 16. h5 g5 17. g4 Qc7 18. Bc4 Red8 19. Qe1 Rab8 20. b3 Bf8 21. Bxf8 Kxf8
22. Nc5 Qe7 23. Qa5 Kg8 24. Rhe1 Qf6 25. Nxe6 Qxe6 26. Bd3 Qe7 27. Bc4 Nb6 28.
Qc3 Rxd1+ 29. Rxd1 Qa3+ 30. Kb1 Re8 31. Qd3 e4 32. fxe4 Qc5 33. Qd4 Qxd4 34. Rxd4
Kf8 35. b4 Re5 36. Ba6 Ke7 37. c4 c5 38. bxc5 Rxc5 39. Bb5 Ke6 40. Kc2 Ke5 41.
Kc3 a6 42. Be8 f6 43. Bf7 Na4+ 44. Kd3 Ra5 45. Ke3 Nb2 46. Rd8 Ra3+ 47. Kd2 Na4
48. c5 Nc3 49. Re8+ Kd4 50. c6 Nb5 51. Bb3 Kc5 52. Re6 a5 53. Rxf6 a4 54. Bd5
Kd4 55. Ke1 Rg3 56. Kf2 Rxg4 57. Rxh6 Rh4 58. Rh7 Rf4+ 59. Kg3 Nc3 60. c7 Ne2+
61. Kg2 1-0

[Event "IX MIEDZYNARODOWY TURNIEJ SZACHOWY - GORA SW. ANNY 2016 - Open A"]
[Site "Gora Sw. Anny"]
[Date "1899-12-30"]
[Round "4.2"]
[White "Kovalev, Vladislav"]
[Black "Kislinsky, Alexey"]
[Result "1-0"]
[WhiteTitle "GM"]
[BlackTitle "GM"]
[WhiteElo "2558"]
[BlackElo "2475"]

1. e4 c5 2. Be2 Nc6 3. f4 d5 4. d3 e6 5. Nf3 Bd6 6. O-O Nge7 7. c3 f6 8. a4 Qc7
9. g3 a6 10. Be3 b6 11. Nbd2 Bb7 12. Re1 h6 13. Bf1 g5 14. e5 fxe5 15. fxe5 Bxe5
16. Nxe5 Nxe5 17. Qh5+ N5g6 18. a5 O-O-O 19. d4 e5 20. Nb3 b5 21. Nxc5 e4 22.
Bh3+ Kb8 23. Ne6 Qd6 24. Nxd8 Rxd8 25. Rf1 Rg8 26. Bg4 Bc6 27. Qxh6 Bd7 28. Bxg5
Qc7 29. Bxd7 Qxd7 30. Bxe7 Qxe7 31. Rf5 e3 32. Qg5 Qe4 33. Re5 Qc2 34. Rxe3 b4
35. Rae1 b3 36. Qxd5 1-0

[Event "IX MIEDZYNARODOWY TURNIEJ SZACHOWY - GORA SW. ANNY 2016 - Open A"]
[Site "Gora Sw. Anny"]
[Date "1899-12-30"]
[Round "4.3"]
[White "Gajek, Radoslaw"]
[Black "Stupak, Kirill"]
[Result "1/2-1/2"]
[WhiteTitle "IM"]
[BlackTitle "GM"]
[WhiteElo "2432"]
[BlackElo "2537"]

1. c4 e5 2. Nc3 Nc6 3. g3 Bc5 4. Bg2 a6 5. Nf3 d6 6. O-O Nf6 7. d3 h6 8. a3 O-O
9. b4 Ba7 10. Bb2 Bd7 11. Rc1 Qc8 12. Nd5 Nxd5 13. cxd5 Ne7 14. Nd2 Bh3 15. e4
c6 16. dxc6 Nxc6 17. Nc4 Bxg2 18. Kxg2 Qe6 19. Qb3 Rfd8 20. Na5 Qxb3 21. Nxb3
d5 22. Nc5 Bxc5 23. Rxc5 dxe4 24. dxe4 f6 25. b5 axb5 26. Rxb5 Rd7 27. Rb1 Ra4
28. Bc1 Nd8 29. R1b4 Rxb4 30. axb4 Nc6 31. Be3 Kf7 32. Rb6 Ke8 33. f4 exf4 34.
gxf4 Kf7 35. Kf2 g5 36. e5 gxf4 37. Bxf4 fxe5 38. Bxh6 Kg6 39. b5 Kxh6 40. bxc6
bxc6 41. Rxc6+ Kg5 42. Ke3 1/2-1/2

[Event "IX MIEDZYNARODOWY TURNIEJ SZACHOWY - GORA SW. ANNY 2016 - Open A"]
[Site "Gora Sw. Anny"]
[Date "1899-12-30"]
[Round "4.4"]
[White "Hnydiuk, Aleksander"]
[Black "Dobrowolski, Piotr"]
[Result "1-0"]
[WhiteTitle "IM"]
[BlackTitle "IM"]
[WhiteElo "2341"]
[BlackElo "2430"]

1. Nf3 Nf6 2. c4 b6 3. g3 c5 4. Bg2 Bb7 5. O-O g6 6. d4 cxd4 7. Qxd4 Bg7 8. Nc3
d6 9. Rd1 Nbd7 10. Be3 Rc8 11. Rac1 O-O 12. Qh4 a6 13. b3 Rc7 14. Bh3 Qa8 15.
Bxd7 Rxd7 16. Na4 Qb8 17. Nxb6 Rc7 18. c5 dxc5 19. Rxc5 Rxc5 20. Bxc5 Qc7 21.
b4 Re8 22. Qc4 e6 23. Be3 Qxc4 24. Nxc4 Nd5 25. Bd4 Nc3 26. Bxc3 Bxc3 27. a3 Bd5
28. Nb6 Ba2 29. Rd6 Bb1 30. Na4 Bf6 31. Nc5 Ba2 32. Nd2 Be7 33. Rxa6 Rd8 34. Nde4
Bc4 35. Ra7 Bxc5 36. Nxc5 Rd1+ 37. Kg2 Bxe2 38. f4 Bc4 39. Nd7 Rd2+ 40. Kf3 Rxh2
41. a4 Ra2 42. Ke3 h5 43. Ne5 Bb5 44. Nxf7 Rxa4 45. Rxa4 Bxa4 46. Ng5 Kg7 47.
Ne4 Kh6 48. Kd4 h4 49. gxh4 Kh5 50. Ke5 Kxh4 51. Nc5 Bb5 52. Nxe6 Kg4 53. Nd4
Ba6 54. b5 Bb7 55. Ne6 Ba8 56. b6 1-0

[Event "IX MIEDZYNARODOWY TURNIEJ SZACHOWY - GORA SW. ANNY 2016 - Open A"]
[Site "Gora Sw. Anny"]
[Date "1899-12-30"]
[Round "4.5"]
[White "Zylka, Stanislaw"]
[Black "Grela, Kacper"]
[Result "1/2-1/2"]
[WhiteTitle "k"]
[BlackTitle "FM"]
[WhiteElo "2080"]
[BlackElo "2283"]

1. d4 Nf6 2. Nf3 g6 3. c4 Bg7 4. g3 O-O 5. Bg2 d6 6. O-O Nc6 7. Nc3 a6 8. Bf4 Bg4
9. Rc1 Nd7 10. d5 Bxf3 11. exf3 Nce5 12. Qe2 c5 13. dxc6 bxc6 14. Bxe5 dxe5 15.
Rfd1 Qc7 16. Ne4 Rfd8 17. b4 Bh6 18. Rb1 Nf8 19. Nc5 a5 20. Rxd8 Rxd8 21. bxa5
Rd2 22. Qe4 Rxa2 23. Qh4 Bg7 24. a6 Qa7 25. Nd3 Rxa6 26. Qe4 f5 27. Qe1 Qd4 28.
Bf1 c5 29. Rd1 Rd6 30. Be2 Qxc4 31. Nxe5 Qb4 32. Qxb4 Rxd1+ 33. Bxd1 cxb4 34.
Nc6 Bc3 35. Bb3+ Kg7 36. Nxe7 Kf6 37. Nd5+ Ke5 38. Kf1 Nd7 39. Ke2 Nc5 40. Nxc3
Nxb3 41. Na2 Nd4+ 42. Kd3 b3 43. Nc3 Nxf3 44. h4 Kd6 45. Kc4 Nd2+ 46. Kd3 Ne4
47. Nd1 Kc5 48. g4 Kb4 49. gxf5 gxf5 50. f3 Nc5+ 51. Kd4 Na4 52. h5 h6 53. f4
Nb6 54. Nb2 Nd7 55. Nd1 Nf6 56. Ke5 Nxh5 57. Kxf5 Kc4 58. Ke5 Kd3 59. f5 Kc2 60.
Ne3+ Kd2 61. Nc4+ Kc3 62. Na3 b2 63. f6 Nxf6 64. Kxf6 Kb3 65. Nb1 Kc2 66. Na3+
Kb3 67. Nb1 Ka2 68. Nc3+ Ka1 1/2-1/2

[Event "IX MIEDZYNARODOWY TURNIEJ SZACHOWY - GORA SW. ANNY 2016 - Open A"]
[Site "Gora Sw. Anny"]
[Date "1899-12-30"]
[Round "4.6"]
[White "Kosakowski, Jakub"]
[Black "Licznerski, Lukasz"]
[Result "1-0"]
[WhiteTitle "k"]
[BlackTitle "FM"]
[WhiteElo "2253"]
[BlackElo "2308"]

1. e4 c5 2. Nf3 g6 3. d4 cxd4 4. Nxd4 Nc6 5. c4 Nf6 6. Nc3 d6 7. Be2 Nxd4 8. Qxd4
Bg7 9. Be3 O-O 10. Qd2 a5 11. f3 a4 12. O-O Qa5 13. Rab1 Be6 14. Rfc1 Rfc8 15.
b4 axb3 16. axb3 Qb4 17. Qd1 Ng4 18. Bd4 Bxd4+ 19. Qxd4 Ne5 20. Na4 Ra5 21. f4
Nd7 22. Qe3 f6 23. Nc3 Ra3 24. Nb5 Raa8 25. Nd4 Bf7 26. Bg4 Rd8 27. Kh1 Ra2 28.
h4 Qb6 29. b4 e5 30. Qb3 Rda8 31. Nc2 Qc7 32. Qh3 Nf8 33. Ne3 exf4 34. Nd5 Bxd5
35. cxd5 Rc2 36. Rf1 Raa2 37. Bf3 Qe7 38. Ra1 Rxa1 39. Rxa1 Nd7 40. Ra8+ Kf7 41.
h5 Nf8 42. hxg6+ hxg6 43. Qh6 Rb2 44. Kh2 Rxb4 45. Bg4 Rxe4 46. Be6+ Nxe6 47.
Qh7+ 1-0

[Event "IX MIEDZYNARODOWY TURNIEJ SZACHOWY - GORA SW. ANNY 2016 - Open A"]
[Site "Gora Sw. Anny"]
[Date "1899-12-30"]
[Round "4.7"]
[White "Kowalczyk, Pawel"]
[Black "Czopor, Maciej"]
[Result "1-0"]
[WhiteTitle "I++"]
[BlackTitle "I+"]
[WhiteElo "2371"]
[BlackElo "1906"]

1. b3 d5 2. g3 e5 3. Bb2 Nc6 4. Bg2 Nf6 5. a3 Bd6 6. c4 d4 7. d3 O-O 8. b4 Re8
9. Nd2 a5 10. b5 Nb8 11. Qc2 Nbd7 12. Ngf3 Nc5 13. O-O Bf8 14. Rad1 Rb8 15. Ne4
Nfxe4 16. dxe4 Bg4 17. Nxe5 Rxe5 18. Bxd4 Qe7 19. Bxe5 Qxe5 20. f4 Qe8 21. h3
Bc8 22. e5 b6 23. Bc6 Qe7 24. Kh2 Bb7 25. Bd5 Bxd5 26. cxd5 f6 27. e6 g6 28. e4
Rd8 29. h4 Bg7 30. Kg2 h6 31. Rf3 Qd6 32. Qc4 Kh8 33. Re1 Qe7 34. Re2 f5 35. e5
Bf8 36. Rf1 Ne4 37. Rxe4 fxe4 38. Qxe4 Qxa3 39. Qxg6 Qa2+ 40. Kh3 Qxd5 41. Rc1
Bg7 42. Qf7 Qxb5 43. Qxc7 Qd3 44. Qf7 Rf8 45. Qd7 Qf5+ 46. Kh2 h5 47. Rd1 Qg6
48. e7 Rg8 49. Qd3 Qg4 50. Rd2 Bh6 51. Rf2 Qg7 52. Qa3 Re8 53. Qd6 Rxe7 54. Qxb6
a4 55. Rc2 Kh7 56. Rc6 Rd7 57. Qb1+ Kg8 58. Rg6 Rd2+ 59. Kh3 a3 60. Qb3+ 1-0